Northernmost Bordering Country #3 - Statistics

General Stats
  • This quiz has been taken 38 times
  • The average score is 19 of 20
Answer Stats
Hint Answer % Correct
Spain France
100%
Kuwait Iraq
100%
Lithuania Latvia
100%
Belgium Netherlands
100%
Libya Tunisia
100%
Argentina Bolivia
97%
Ethiopia Eritrea
97%
Honduras Guatemala
97%
Slovenia Hungary
97%
Bangladesh India
97%
East Timor Indonesia
97%
Vatican City Italy
97%
Azerbaijan Russia
94%
Qatar Saudi Arabia
94%
Malaysia Thailand
94%
Hungary Slovakia
91%
Guyana Venezuela
91%
Cote d'Ivoire Mali
89%
Guinea-Bissau Senegal
86%
Malawi Tanzania
86%
No matching quizzes found
Score Distribution
Percent of People with Each Score
Percentile by Number Answered
Your Score History
You have not taken this quiz